[Event "XXV OOM - Mistrzostwa Polski Juniorow Mlodszych - Dziewczeta do lat 14"]
[Site "Sielpia"]
[Date "1899-12-30"]
[Round "1.1"]
[White "Wikar, Martyna"]
[Black "Olszewska, Wiktoria"]
[Result "1-0"]
[WhiteTitle "k"]
[BlackTitle "I"]
[WhiteElo "2044"]
[BlackElo "1306"]

1. e4 c5 2. Nf3 d6 3. Bc4 Nf6 4. d3 e6 5. Bb3 Be7 6. O-O Nbd7 7. c3 a6 8. Re1 b5
9. d4 cxd4 10. cxd4 Bb7 11. Qd3 O-O 12. a3 Qc7 13. Nc3 Rac8 14. Bg5 Rfe8 15. Rac1
Qb6 16. Bc2 Nf8 17. Bb1 Ng6 18. e5 Nd7 19. Bxe7 Rxe7 20. Ne4 dxe5 21. Rxc8+ Bxc8
22. dxe5 Bb7 23. Rc1 Nf4 24. Qd6 Nd5 25. b4 Kf8 26. Nc5 Nxc5 27. bxc5 Qc7 28.
Nd4 Ke8 29. c6 Ba8 30. Ba2 Nb6 31. f4 Nc8 32. Qc5 Na7 33. f5 exf5 34. Nxf5 Rxe5
35. Nxg7+ Kd8 36. Qf8+ Re8 37. Qxe8# 1-0

[Event "XXV OOM - Mistrzostwa Polski Juniorow Mlodszych - Dziewczeta do lat 14"]
[Site "Sielpia"]
[Date "1899-12-30"]
[Round "1.2"]
[White "Czerwinska, Oliwia"]
[Black "Rejniak, Zuzanna"]
[Result "0-1"]
[WhiteTitle "I"]
[BlackTitle "k"]
[WhiteElo "1303"]
[BlackElo "1904"]

1. e4 c5 2. c3 Nf6 3. e5 Nd5 4. d4 cxd4 5. cxd4 Nc6 6. Nc3 Nb6 7. Be3 e6 8. Be2
d6 9. Nf3 dxe5 10. dxe5 Nd5 11. Nxd5 Qxd5 12. Qxd5 exd5 13. O-O Bg4 14. h3 Bf5
15. Nd4 Nxd4 16. Bxd4 b6 17. Bb5+ Bd7 18. Bxd7+ Kxd7 19. Rac1 Be7 20. f4 Rac8
21. Rfd1 Ke6 22. g4 g6 23. Kf2 Bc5 24. Ke3 h5 25. g5 Rhd8 26. a3 Bxd4+ 27. Kxd4
Rc4+ 28. Ke3 Rdc8 29. Rxc4 Rxc4 30. Rd3 Re4+ 31. Kf3 Kf5 32. Rxd5 Rxf4+ 33. Kg3
h4+ 34. Kg2 Ke6 35. Rd3 Kxe5 36. Rd7 Rf5 37. Rxa7 Rxg5+ 38. Kh2 Ke6 39. Ra4 Rb5
40. Rxh4 Rxb2+ 41. Kg1 f5 42. Rc4 Ke5 43. Rc8 g5 44. Rh8 Kf4 45. Rd8 Rb3 46. Kh2
Rxa3 47. Rd4+ Kf3 48. Rb4 f4 49. Rxb6 Ra2+ 50. Kg1 Kg3 51. Rb3+ f3 52. Rb1 Rg2+
53. Kf1 Rh2 54. Kg1 f2+ 55. Kf1 Rh1+ 0-1

[Event "XXV OOM - Mistrzostwa Polski Juniorow Mlodszych - Dziewczeta do lat 14"]
[Site "Sielpia"]
[Date "1899-12-30"]
[Round "1.3"]
[White "Goraj, Barbara"]
[Black "Szczotka, Matylda"]
[Result "1-0"]
[WhiteTitle "I++"]
[BlackTitle "I"]
[WhiteElo "1824"]
[BlackElo "1301"]

1. e4 e5 2. Nf3 Nc6 3. Bb5 a6 4. Bxc6 dxc6 5. O-O Qf6 6. d4 exd4 7. Qxd4 Qxd4 8.
Nxd4 Bd7 9. Nc3 O-O-O 10. Be3 Ne7 11. Rad1 Ng6 12. f3 Bd6 13. Rfe1 Rhe8 14. Nb3
Ne5 15. Nd2 f6 16. Na4 b6 17. b3 c5 18. Nb2 Be6 19. a3 Kb7 20. h3 h6 21. Kf2 Bf7
22. g3 Be6 23. Kg2 Bf7 24. Bf2 g5 25. Be3 Ng6 26. Ndc4 b5 27. Na5+ Ka8 28. Nc6
Rc8 29. a4 b4 30. Na5 Rcd8 31. Nd3 Rb8 32. Nxc5 Bxc5 33. Bxc5 Ne5 34. Rd4 Bh5
35. g4 Bf7 36. Bxb4 h5 37. Bc5 h4 38. Red1 Bg6 39. R4d2 Bf7 40. Bd4 Rbd8 41. Bxe5
Rxd2+ 42. Rxd2 fxe5 43. Nc6 Bg8 44. Rd8+ Rxd8 45. Nxd8 Bh7 46. Nf7 Bg8 47. Nxe5
1-0

[Event "XXV OOM - Mistrzostwa Polski Juniorow Mlodszych - Dziewczeta do lat 14"]
[Site "Sielpia"]
[Date "1899-12-30"]
[Round "1.4"]
[White "Skolska, Emilia"]
[Black "Zabrzanska, Weronika"]
[Result "0-1"]
[WhiteTitle "I"]
[BlackTitle "I++"]
[WhiteElo "1300"]
[BlackElo "1763"]

1. e4 e5 2. Nf3 Nc6 3. d4 exd4 4. Bc4 Nf6 5. O-O Nxe4 6. Re1 d5 7. Bxd5 Qxd5 8.
Nc3 Qa5 9. Nxe4 Be6 10. Neg5 O-O-O 11. Nxe6 fxe6 12. Rxe6 h6 13. Qe2 Qf5 14. Qe4
Qxe4 15. Rxe4 Nb4 16. Nxd4 Rxd4 17. Rxd4 Nxc2 18. Rc4 Nxa1 19. Bf4 c6 20. Rc1
Nb3 21. axb3 g5 22. Be5 Rh7 23. f4 gxf4 24. Bxf4 Bg7 25. Rc2 Bd4+ 26. Kh1 Re7
27. g3 Bg7 28. Kg2 Re4 29. Bd2 Re2+ 30. Kh1 h5 31. h3 Bh6 32. Bxh6 Rxc2 33. Bg7
Re2 34. Bc3 Kd7 0-1

[Event "XXV OOM - Mistrzostwa Polski Juniorow Mlodszych - Dziewczeta do lat 14"]
[Site "Sielpia"]
[Date "1899-12-30"]
[Round "1.5"]
[White "Hertlein, Irena"]
[Black "Hals, Emilia"]
[Result "1-0"]
[WhiteTitle "I+"]
[BlackTitle "I"]
[WhiteElo "1713"]
[BlackElo "1293"]

1. c4 e5 2. g3 d5 3. Bg2 Nf6 4. cxd5 Nxd5 5. Nf3 Nc6 6. Nc3 Be6 7. O-O Be7 8. d4
exd4 9. Nb5 O-O 10. Nfxd4 Nxd4 11. Nxd4 Bc8 12. Qb3 Nb6 13. Rd1 Qe8 14. Bf4 c6
15. a4 Bc5 16. a5 Nd7 17. Qc2 Be7 18. Nxc6 Nc5 19. Nxe7+ Qxe7 20. Bd6 Qe8 21.
Bxc5 Rb8 22. Bxf8 Qxf8 23. Qc7 Be6 24. Bxb7 1-0

[Event "XXV OOM - Mistrzostwa Polski Juniorow Mlodszych - Dziewczeta do lat 14"]
[Site "Sielpia"]
[Date "1899-12-30"]
[Round "1.6"]
[White "Garbowska, Maja"]
[Black "Obrochta, Lena"]
[Result "1-0"]
[WhiteTitle "I"]
[BlackTitle "I+"]
[WhiteElo "1293"]
[BlackElo "1704"]

1. e4 e5 2. Nf3 d6 3. d4 exd4 4. Nxd4 Nf6 5. Nc3 Be7 6. Bf4 O-O 7. Qd2 a6 8. O-O-O
b5 9. f3 b4 10. Nce2 a5 11. g4 Bd7 12. h4 a4 13. Nf5 Be6 14. Kb1 b3 15. cxb3 axb3
16. a3 Nfd7 17. g5 Nc6 18. Qc3 Bxf5 19. exf5 Na5 20. Nd4 Nc5 21. Qd2 Na4 22. h5
c5 23. Nb5 Qc8 24. Nxd6 Bxd6 25. Bxd6 Rd8 26. Qf4 c4 27. Rd4 Qc6 28. g6 fxg6 29.
hxg6 c3 30. Rxh7 Rxd6 31. Rxd6 c2+ 32. Kc1 Re8 33. Rxc6 1-0

[Event "XXV OOM - Mistrzostwa Polski Juniorow Mlodszych - Dziewczeta do lat 14"]
[Site "Sielpia"]
[Date "1899-12-30"]
[Round "1.7"]
[White "Starosta, Martyna"]
[Black "Lajdamik, Anna"]
[Result "1-0"]
[WhiteTitle "WCM"]
[BlackTitle "I"]
[WhiteElo "1672"]
[BlackElo "1279"]

1. e4 c6 2. d4 d5 3. Nc3 dxe4 4. Nxe4 Nf6 5. Nxf6+ gxf6 6. c3 Qd5 7. Ne2 e5 8.
Be3 Be6 9. Ng3 Nd7 10. a4 h5 11. Nxh5 O-O-O 12. a5 a6 13. Ng3 f5 14. dxe5 Nxe5
15. Qxd5 Rxd5 16. Be2 Nd3+ 17. Bxd3 Rxd3 18. h4 Bd6 19. Ne2 Be7 20. Bd4 Rxh4 21.
Rxh4 Bxh4 22. Nf4 Rxd4 23. cxd4 Bf6 24. Nxe6 fxe6 25. Ra4 Be7 26. Ke2 Kc7 27.
Kd3 c5 28. Rc4 b6 29. axb6+ Kxb6 30. dxc5+ Bxc5 31. f3 e5 32. g4 e4+ 33. fxe4
fxg4 34. e5 g3 35. Rg4 Bf2 36. Ke4 Kc5 37. Kf5 Kd5 38. e6 Kd6 39. Kf6 a5 40. Kf7
g2 41. Rxg2 Bh4 42. e7 Bxe7 43. Rd2+ 1-0

[Event "XXV OOM - Mistrzostwa Polski Juniorow Mlodszych - Dziewczeta do lat 14"]
[Site "Sielpia"]
[Date "1899-12-30"]
[Round "1.8"]
[White "Uliasz, Katarzyna"]
[Black "Krzyzosiak, Marta"]
[Result "0-1"]
[WhiteTitle "I"]
[BlackTitle "I++"]
[WhiteElo "1270"]
[BlackElo "1626"]

1. e4 c5 2. Nf3 d6 3. Bb5+ Nd7 4. O-O a6 5. Bxd7+ Bxd7 6. d4 cxd4 7. Qxd4 Nf6 8.
Bg5 Rc8 9. Nc3 h6 10. Bh4 e5 11. Qd3 Be6 12. Nd2 Be7 13. Rad1 Qb6 14. b3 O-O 15.
Ndb1 Rfd8 16. Na4 Qc6 17. Bxf6 Bxf6 18. c4 b5 19. cxb5 axb5 20. Nac3 b4 21. Ne2
d5 22. exd5 Bxd5 23. Qg3 Be4 24. Qg4 Bg5 25. h4 f5 26. Rxd8+ Rxd8 27. Qh3 Bf6
28. Ng3 Bd3 29. Nd2 Bxf1 30. Ngxf1 f4 31. Nc4 Qd7 32. Qf3 Qd5 33. Qe2 e4 34. Qg4
f3 35. gxf3 exf3 36. Nfe3 Qd4 37. Qxf3 Qxh4 38. Nf5 Qg5+ 39. Ng3 Qd5 40. Qe3 Bg5
41. f4 Bf6 42. Kh2 Qc6 43. Nf5 Re8 44. Qe6+ Qxe6 45. Ng3 Qg4 46. Ne3 Qh4+ 47.
Kg2 Bd4 48. Ngf5 Qf2+ 49. Kxf2 Bxe3+ 50. Nxe3 Ra8 51. Nd5 Rb8 52. Ke3 Kf7 53.
Kd4 h5 54. Ke4 Ke6 55. f5+ Kf7 56. Kf4 Rb5 57. Ne3 Kf6 58. Ke4 Re5+ 59. Kd4 Rxe3
60. Kxe3 Kxf5 61. Kd4 h4 62. Kc4 h3 63. Kxb4 h2 64. a4 h1=Q 65. a5 Qb7+ 66. Ka4
g5 67. b4 g4 68. b5 g3 69. a6 Qb6 70. Kb4 g2 71. a7 Qxa7 0-1

[Event "XXV OOM - Mistrzostwa Polski Juniorow Mlodszych - Dziewczeta do lat 14"]
[Site "Sielpia"]
[Date "1899-12-30"]
[Round "1.9"]
[White "Barwinska, Ewa"]
[Black "Grzyb, Anna"]
[Result "1-0"]
[WhiteTitle "I++"]
[BlackTitle "I"]
[WhiteElo "1622"]
[BlackElo "1266"]

1. e4 e6 2. d4 d5 3. Nc3 Bb4 4. e5 c5 5. Bd2 cxd4 6. Nb5 Bc5 7. Qg4 g6 8. Nxd4
Bxd4 9. Qxd4 Nc6 10. Qf4 f6 11. Bb5 fxe5 12. Bxc6+ bxc6 13. Qxe5 Nf6 14. Bh6 Rg8
15. Bg5 Ng4 16. Qc3 Qb6 17. Nh3 h6 18. f3 hxg5 19. fxg4 Rf8 20. O-O-O Bd7 21.
Nxg5 O-O-O 22. Nf3 Rf4 23. Ne5 Qb4 24. Qxb4 Rxb4 25. a3 Rf4 26. h3 g5 27. Nf3
Rg8 28. Rhe1 Kc7 29. Re5 Kd6 30. Rde1 c5 31. R1e2 Rg6 32. Nxg5 Rgf6 33. Nf3 Bb5
34. Re1 d4 35. g5 Rg6 36. h4 Bc4 37. h5 Rg8 38. g6 Bd5 39. Kd2 Rg4 40. R5e2 Rf4
41. b3 Rf5 42. Re5 Rf6 43. Kc1 Rf4 44. Ng5 Bxg2 45. Rxe6+ Kd7 46. Re7+ Kd8 47.
Ne6+ Kxe7 48. Nxf4+ Kf6 49. Nxg2 Kg5 50. Rh1 Kh6 51. Nf4 Re8 52. Nd3 Rc8 53. Nb2
Rc6 54. Kd2 Ra6 55. a4 Rf6 56. Nd3 Rf5 57. c3 Rg5 58. Rh2 Rg3 59. cxd4 cxd4 60.
b4 Rg1 61. Ne1 Rg3 62. Rg2 Re3 63. g7 1-0

[Event "XXV OOM - Mistrzostwa Polski Juniorow Mlodszych - Dziewczeta do lat 14"]
[Site "Sielpia"]
[Date "1899-12-30"]
[Round "1.10"]
[White "Retz, Agnieszka"]
[Black "Lukasik, Zuzanna"]
[Result "0-1"]
[WhiteTitle "II+"]
[BlackTitle "I++"]
[WhiteElo "1263"]
[BlackElo "1618"]

1. e4 c5 2. Nf3 e6 3. c4 Nf6 4. Nc3 Nc6 5. Be2 g6 6. O-O Bg7 7. d3 O-O 8. Be3 b6
9. h3 Bb7 10. a3 d6 11. Qc2 Qd7 12. Rad1 Rfd8 13. d4 cxd4 14. Nxd4 Nxd4 15. Bxd4
Qc6 16. Bxf6 Bxf6 17. Nb5 a6 18. Nc3 Rac8 19. Rd3 Bg7 20. Rfd1 Rd7 21. Qb3 Kh8
22. Qb4 Be5 23. R3d2 Kg8 24. f3 Bf4 25. Rd3 Rdc7 26. Na4 b5 27. cxb5 axb5 28.
Rc3 Qa6 29. Kf1 Qxa4 30. Qxa4 bxa4 31. Rxc7 Rxc7 32. g3 Bxg3 33. Bb5 Rc2 34. Bxa4
Rxb2 35. Rc1 Ba6+ 36. Kg1 Kg7 37. Rc7 Rb7 38. Rc3 Be5 39. Rc2 Bd4+ 0-1

[Event "XXV OOM - Mistrzostwa Polski Juniorow Mlodszych - Dziewczeta do lat 14"]
[Site "Sielpia"]
[Date "1899-12-30"]
[Round "1.11"]
[White "Mezykowska, Emilia"]
[Black "Straczek, Wiktoria"]
[Result "1-0"]
[WhiteTitle "I"]
[BlackTitle "I"]
[WhiteElo "1579"]
[BlackElo "1257"]

1. e4 e5 2. Nf3 Nc6 3. d4 exd4 4. Nxd4 Bb4+ 5. c3 Bc5 6. Be3 Bb6 7. Nf5 Bxe3 8.
Nxe3 Nf6 9. f3 O-O 10. Be2 d6 11. O-O Be6 12. Bb5 Re8 13. c4 Qd7 14. Nc3 a6 15.
Ba4 Rad8 16. Ned5 Rb8 17. Nxf6+ gxf6 18. Nd5 Qd8 19. Ne3 b5 20. cxb5 axb5 21.
Bb3 Na5 22. Bc2 Nc6 23. f4 Nb4 24. f5 Nxc2 25. Qxc2 Bc8 26. Nd5 Bb7 27. Qxc7 Bxd5
28. Qxd8 Rbxd8 29. exd5 Re5 30. Rad1 Rc8 31. Rf2 Rc5 32. g4 Rcxd5 33. Rxd5 Rxd5
34. Kf1 Rd4 35. h3 Rd3 36. Rh2 Re3 37. Rd2 Rxh3 38. Rxd6 Rg3 39. Rb6 Rxg4 40.
Rxb5 h5 41. a3 Kf8 42. Kf2 Ke7 43. Kf3 Kd6 44. Rb6+ Ke5 45. Rb5+ Kd6 46. Rb4 Rg5
47. Rf4 Kd5 48. a4 Kc5 49. b4+ Kb6 50. Ke4 Rg7 51. Kd5 Rg8 52. Rh4 Rg5 53. Ke4
Kc6 54. Kf4 Kb6 55. Ke3 Kc6 56. Rc4+ Kb6 57. Rc5 Rg3+ 58. Kf2 Rg4 59. a5+ Kb7
60. b5 Ra4 61. a6+ Kb6 62. Rd5 Ra2+ 63. Kg3 Ra4 64. Kh3 h4 65. Rd6+ Kxb5 66. Rxf6
Rxa6 67. Rxa6 Kxa6 68. Kxh4 Kb6 69. Kg5 Kc7 70. Kf6 Kd8 71. Kxf7 1-0

[Event "XXV OOM - Mistrzostwa Polski Juniorow Mlodszych - Dziewczeta do lat 14"]
[Site "Sielpia"]
[Date "1899-12-30"]
[Round "1.12"]
[White "Franek, Diana"]
[Black "Mroz, Lena"]
[Result "0-1"]
[WhiteTitle "II"]
[BlackTitle "I++"]
[WhiteElo "1256"]
[BlackElo "1573"]

1. e4 c5 2. c3 d5 3. exd5 Qxd5 4. d4 e6 5. Nf3 Nf6 6. Bd3 Be7 7. O-O Nc6 8. a3
O-O 9. Be3 cxd4 10. cxd4 b6 11. Nc3 Qd6 12. Qe2 a6 13. Rac1 Bb7 14. Rfd1 Rfc8
15. Bb1 Na5 16. Ba2 b5 17. Ne5 Nd7 18. Bf4 Nxe5 19. Bxe5 Qd7 20. Qg4 Bf8 21. Ne4
Bxe4 22. Qxe4 Nc4 23. Bxc4 bxc4 24. Rc3 f6 25. Bg3 Ra7 26. d5 exd5 27. Rxd5 Qc6
28. Rd4 Re7 29. Qb1 Rce8 30. f3 Qb6 31. Rcxc4 Rd7 32. Bf2 Re2 33. Qd3 Rxd4 34.
Bxd4 Qe6 35. Rc1 Re1+ 36. Rxe1 Qxe1+ 37. Qf1 Qe6 38. Kf2 f5 39. Qe2 Qc6 40. Qe5
Qd7 41. Qe3 Bd6 42. Be5 Be7 43. Qd4 Qc6 44. Bxg7 Bc5 45. Ke3 Bxd4+ 46. Bxd4 Kf7
47. Bc3 Qc4 48. g3 Ke6 49. h3 Kd5 0-1

[Event "XXV OOM - Mistrzostwa Polski Juniorow Mlodszych - Dziewczeta do lat 14"]
[Site "Sielpia"]
[Date "1899-12-30"]
[Round "1.13"]
[White "Krzyzosiak, Anna"]
[Black "Baran, Dagmara"]
[Result "1-0"]
[WhiteTitle "I++"]
[BlackTitle "I"]
[WhiteElo "1528"]
[BlackElo "1244"]

1. e4 e6 2. d4 d5 3. Nd2 Nf6 4. e5 Nfd7 5. Bd3 c5 6. c3 b6 7. Ne2 Ba6 8. Nf3 Be7
9. O-O O-O 10. Nf4 Qc8 11. h4 Bxd3 12. Qxd3 Qa6 13. Qe3 b5 14. g4 Rc8 15. g5 g6
16. Nh2 Nc6 17. Ng4 Qb6 18. Rd1 Bf8 19. h5 Ne7 20. hxg6 hxg6 21. Nf6+ Nxf6 22.
gxf6 Nf5 23. Qh3 cxd4 24. cxd4 Qb7 25. Kg2 Bh6 26. Nd3 Bxc1 27. Raxc1 Rxc1 28.
Rxc1 g5 29. Qh5 Nh4+ 30. Kh3 Ng6 31. Qh6 g4+ 32. Kg3 1-0

[Event "XXV OOM - Mistrzostwa Polski Juniorow Mlodszych - Dziewczeta do lat 14"]
[Site "Sielpia"]
[Date "1899-12-30"]
[Round "1.14"]
[White "Bychowska, Marta"]
[Black "Slusarczyk, Milena"]
[Result "0-1"]
[WhiteTitle "II"]
[BlackTitle "I+"]
[WhiteElo "1235"]
[BlackElo "1509"]

1. e4 c5 2. Nf3 d6 3. d4 cxd4 4. Nxd4 Nf6 5. Nc3 a6 6. Bg5 e6 7. f4 h6 8. Bh4 Be7
9. Qf3 Qc7 10. O-O-O Nbd7 11. Bd3 b5 12. g4 g5 13. fxg5 Ne5 14. Qe2 Nfxg4 15.
Bg3 Bxg5+ 16. Kb1 Ne3 17. Bxb5+ axb5 18. Ndxb5 Qa5 19. Nxd6+ Ke7 20. Bxe5 Nxd1
21. Nxc8+ Rhxc8 22. Bd6+ Kxd6 23. Rxd1+ Ke7 24. Qb5 Qxb5 25. Nxb5 Rab8 26. Na3
Bf6 27. b3 Be5 28. h3 Bd6 29. Nc4 Rxc4 30. Kb2 Rxe4 31. a4 Rxa4 32. Kc1 Ra1+ 33.
Kd2 Bb4+ 34. Ke2 Rxd1 35. Kxd1 f5 36. Ke2 Rc8 37. c4 f4 38. Kf3 e5 39. h4 h5 40.
Ke4 Ke6 41. Kf3 Kf5 42. c5 e4+ 43. Kg2 f3+ 44. Kf2 Bxc5+ 45. Kg3 Rg8+ 46. Kh2
f2 47. b4 Bd6+ 48. Kh3 f1=B# 0-1

[Event "XXV OOM - Mistrzostwa Polski Juniorow Mlodszych - Dziewczeta do lat 14"]
[Site "Sielpia"]
[Date "1899-12-30"]
[Round "1.15"]
[White "Dallemura, Anna"]
[Black "Bukala, Weronika"]
[Result "0-1"]
[WhiteTitle "I"]
[BlackTitle "I"]
[WhiteElo "1482"]
[BlackElo "1234"]

1. e4 c5 2. Nf3 Nc6 3. d4 cxd4 4. Nxd4 Nf6 5. Nc3 e5 6. Ndb5 Bb4 7. Nd6+ Ke7 8.
Nf5+ Kf8 9. Bd3 d5 10. exd5 Qxd5 11. O-O Bxc3 12. bxc3 Qa5 13. Nd6 Qxc3 14. Nb5
Qa5 15. Bc4 Bg4 16. Qe1 Qxe1 17. Rxe1 Rd8 18. Ba3+ Kg8 19. Nd6 Rd7 20. Rab1 Nd4
21. Rb2 e4 22. c3 Nc6 23. Rxb7 Rxb7 24. Nxb7 g6 25. Nd6 Ne5 26. Bf1 Nd3 27. Rb1
Kg7 28. Nxe4 Nxe4 29. Bxd3 Bf5 30. Bxe4 Bxe4 31. Re1 Bd5 32. Bc5 Ra8 33. a4 a5
34. Re5 Bc6 35. Bb6 Rb8 36. Rxa5 Rxb6 37. f3 Rb1+ 38. Kf2 Rc1 39. Ra7 Rxc3 40.
a5 Ra3 41. Rc7 Bb5 42. Ra7 Kf6 43. h3 Ra2+ 44. Kg1 Ra1+ 45. Kf2 Ra2+ 46. Kg1 Bc4
47. Rc7 Bb5 48. Ra7 Ke6 49. h4 Ra4 50. g3 Ra2 51. f4 h5 52. Ra8 Kf5 53. Rf8 Kg4
54. Rb8 Kxg3 0-1

[Event "XXV OOM - Mistrzostwa Polski Juniorow Mlodszych - Dziewczeta do lat 14"]
[Site "Sielpia"]
[Date "1899-12-30"]
[Round "1.16"]
[White "Pietrzak, Emilia"]
[Black "Kieca, Aleksandra"]
[Result "1-0"]
[WhiteTitle "I"]
[BlackTitle "I"]
[WhiteElo "1230"]
[BlackElo "1475"]

1. e4 c5 2. Nf3 d6 3. Bb5+ Nc6 4. Bxc6+ bxc6 5. O-O g6 6. c3 Bg7 7. d4 cxd4 8.
cxd4 Nh6 9. Nc3 f6 10. Qb3 Nf7 11. Be3 e5 12. dxe5 fxe5 13. h3 Qe7 14. Rac1 Be6
15. Qa4 Bd7 16. Qa6 O-O 17. Rc2 h6 18. Rfc1 g5 19. b4 Nd8 20. b5 cxb5 21. Nd5
Qf7 22. Qxd6 Nc6 23. Rxc6 Bxc6 24. Rxc6 Rfd8 25. Qc5 a6 26. Rc7 Qe6 27. Rc6 Qf7
28. Ne7+ Kh7 29. Bxg5 Qh5 30. Be3 Rd7 31. Nd5 Rdd8 32. Rc7 Kh8 33. Qe7 Rg8 34.
Nf6 Qg6 35. Nxg8 Rxg8 36. Qf7 Qd6 37. Bxh6 Qxh6 38. Qf5 Rf8 39. Qg5 Qh7 40. Qe7
Qh6 41. Nxe5 Bxe5 42. Qxe5+ Kg8 43. Qd5+ Kh8 44. Rc6 Qh4 45. Qe5+ Kh7 46. Qc7+
Kh8 47. Qe5+ Kh7 48. Rc7+ 1-0

[Event "XXV OOM - Mistrzostwa Polski Juniorow Mlodszych - Dziewczeta do lat 14"]
[Site "Sielpia"]
[Date "1899-12-30"]
[Round "1.17"]
[White "Jedrzejko, Martyna"]
[Black "Matusik, Zuzanna"]
[Result "1/2-1/2"]
[WhiteTitle "I"]
[BlackTitle "I"]
[WhiteElo "1466"]
[BlackElo "1226"]

1. e4 e5 2. Nf3 Nc6 3. Bc4 Bc5 4. O-O Nf6 5. d3 d6 6. c3 a6 7. Bb3 O-O 8. Nbd2
Ba7 9. Re1 Ne7 10. Nf1 Ng6 11. Ng3 Re8 12. h3 h6 13. d4 b5 14. d5 Bd7 15. Be3
Qc8 16. Bc2 Nf4 17. Bxf4 exf4 18. Nf5 Kh7 19. Nxd6 cxd6 20. e5+ Bf5 21. exf6 Rxe1+
22. Nxe1 gxf6 23. Bxf5+ Qxf5 24. Qd3 Qg6 25. Qf3 Qg5 26. Nd3 Re8 27. Nxf4 Re5
28. Nd3 Rxd5 29. Re1 Rf5 30. Qe4 Kg7 31. Qb7 Rd5 32. Re7 Bxf2+ 33. Nxf2 Qc1+ 34.
Kh2 Qf4+ 1/2-1/2

[Event "XXV OOM - Mistrzostwa Polski Juniorow Mlodszych - Dziewczeta do lat 14"]
[Site "Sielpia"]
[Date "1899-12-30"]
[Round "1.18"]
[White "Trybus, Dominika"]
[Black "Anyz, Monika"]
[Result "1/2-1/2"]
[WhiteTitle "II+"]
[BlackTitle "I+"]
[WhiteElo "1219"]
[BlackElo "1424"]

1. e4 c5 2. d4 cxd4 3. c3 dxc3 4. Nxc3 Nc6 5. Nf3 d6 6. Bc4 Nf6 7. O-O g6 8. Qe2
Bg7 9. Rd1 Bd7 10. e5 dxe5 11. Bxf7+ Kf8 12. Be6 Qc8 13. Bxd7 Nxd7 14. Ng5 Nf6
15. Qc4 Qe8 16. Ne6+ Kg8 17. Ng5+ Kf8 18. Nb5 Rc8 19. Ne6+ Kg8 20. Ng5+ Kf8 21.
Ne6+ Kg8 22. Ng5+ Kf8 23. Ne6+ Kg8 24. Ng5+ 1/2-1/2

[Event "XXV OOM - Mistrzostwa Polski Juniorow Mlodszych - Dziewczeta do lat 14"]
[Site "Sielpia"]
[Date "1899-12-30"]
[Round "1.19"]
[White "Scisla, Oliwia"]
[Black "Kot, Marta"]
[Result "0-1"]
[WhiteTitle "I++"]
[BlackTitle "II"]
[WhiteElo "1413"]
[BlackElo "1218"]

1. e4 e5 2. Bc4 Nf6 3. d3 h6 4. Nf3 Nc6 5. O-O Be7 6. Nbd2 O-O 7. c3 d5 8. exd5
Nxd5 9. Re1 Bf6 10. Ne4 Nb6 11. Bb3 Re8 12. Be3 Bg4 13. h3 Bh5 14. Qe2 Qe7 15.
Bc5 Qd8 16. Rad1 Na5 17. Bc2 Nc6 18. b4 a6 19. Bb3 Nd7 20. Be3 Qe7 21. a3 Reb8
22. Nc5 b6 23. Ne4 Rc8 24. Bd5 Ndb8 25. Nxf6+ Qxf6 26. d4 exd4 27. Bxd4 Nxd4 28.
Rxd4 c6 29. Bb3 Ra7 30. Bc2 g5 31. Qe3 Bxf3 32. gxf3 Rb7 33. f4 gxf4 34. Rxf4
Qd6 35. Rg4+ Kf8 36. Kh1 Re7 37. Qc1 Rxe1+ 38. Qxe1 Re8 39. Rg8+ Kxg8 40. Qxe8+
Kg7 41. Qe4 Kf8 42. c4 Qd2 43. Kg2 Qg5+ 44. Qg4 Qxg4+ 45. hxg4 Ke7 46. f4 Kf6
47. Kf3 Nd7 48. Bf5 Nb8 49. a4 b5 50. cxb5 cxb5 51. axb5 axb5 52. Bd3 Nc6 53.
Bxb5 Nxb4 54. Ke4 Nc2 55. Kf3 Nd4+ 56. Ke4 Nxb5 57. Kf3 Kg6 58. Kg3 Nd6 59. Kh4
f5 60. gxf5+ Nxf5+ 0-1

[Event "XXV OOM - Mistrzostwa Polski Juniorow Mlodszych - Dziewczeta do lat 14"]
[Site "Sielpia"]
[Date "1899-12-30"]
[Round "1.20"]
[White "Sivickis, Kornelia"]
[Black "Gaczol, Julia"]
[Result "0-1"]
[WhiteTitle "I"]
[BlackTitle "I"]
[WhiteElo "1209"]
[BlackElo "1394"]

1. e4 c5 2. Nc3 d6 3. f4 Nf6 4. Nf3 a6 5. a4 e6 6. Bc4 b6 7. d3 Bb7 8. O-O Be7
9. Be3 d5 10. e5 Ng8 11. Qe1 d4 12. Bd2 dxc3 13. bxc3 Nc6 14. Qg3 g6 15. Ng5 h6
16. Nf3 Qd7 17. Rfe1 Bd8 18. f5 Nge7 19. fxe6 fxe6 20. Nh4 g5 21. Nf3 Na5 22.
Qh3 Nf5 23. Qh5+ Qf7 24. Qxf7+ Kxf7 25. Ba2 Bc7 26. Re2 Nc6 27. Rae1 g4 28. Nh4
Nxh4 29. Rf1+ Ke7 30. Rf6 Bc8 31. Ref2 Nf5 32. Bf4 Nxe5 33. Bxe5 Bxe5 34. Rg6
Bxc3 35. Re2 Nd4 36. Re4 Rf8 37. Rg7+ Kd6 38. Rgxg4 Nxc2 39. Rg3 Bd4+ 40. Rge3
Bxe3+ 41. Rxe3 Nxe3 42. g3 Rf1# 0-1

[Event "XXV OOM - Mistrzostwa Polski Juniorow Mlodszych - Dziewczeta do lat 14"]
[Site "Sielpia"]
[Date "1899-12-30"]
[Round "1.21"]
[White "Kucharska, Helena"]
[Black "Reszka, Zofia"]
[Result "1-0"]
[WhiteTitle "I"]
[BlackTitle "I"]
[WhiteElo "1385"]
[BlackElo "1199"]

1. e4 c5 2. Nf3 e6 3. d4 cxd4 4. Nxd4 a6 5. Bd3 Qc7 6. O-O b5 7. Qe2 Bb7 8. a4
b4 9. Nd2 d6 10. Nc4 Nd7 11. a5 Ngf6 12. Kh1 Rc8 13. f4 Be7 14. e5 Nd5 15. f5
dxe5 16. fxe6 N7f6 17. exf7+ Kxf7 18. Nxe5+ Ke8 19. Ne6 Qd6 20. Nxg7+ Kf8 21.
Qh5 Qxe5 22. Qxe5 Kxg7 23. Qg5+ Kf7 24. Bd2 Rcg8 25. Qh5+ Ke6 26. Rae1+ Kd7 27.
Qf5+ Kd8 28. Re2 h5 29. Bc4 h4 30. h3 Rh5 31. Qe6 Rg7 32. Be3 Bc8 33. Bb6+ Nxb6
34. Qxb6+ Ke8 35. Qc6+ Kf8 36. Qxc8+ Bd8 37. Qxd8# 1-0

[Event "XXV OOM - Mistrzostwa Polski Juniorow Mlodszych - Dziewczeta do lat 14"]
[Site "Sielpia"]
[Date "1899-12-30"]
[Round "1.22"]
[White "Walendykiewicz, Martyna"]
[Black "Kulpa, Karolina"]
[Result "1/2-1/2"]
[WhiteTitle "I"]
[BlackTitle "I"]
[WhiteElo "1175"]
[BlackElo "1381"]

1. e4 c6 2. d4 d5 3. Nc3 dxe4 4. Nxe4 Bf5 5. Ng3 Bg6 6. Bc4 e6 7. N1e2 Qc7 8. c3
Bd6 9. Bd2 Nd7 10. Qc1 Ngf6 11. Nf4 Be4 12. Bd3 Bxd3 13. Nxd3 O-O-O 14. Bf4 Bxf4
15. Qxf4 Qxf4 16. Nxf4 c5 17. Nfe2 Kc7 18. O-O-O Ng4 19. Rdf1 cxd4 20. Nxd4 Nc5
21. Kc2 e5 22. Ndf5 Nd3 23. Ne4 g6 24. Ne3 Nxe3+ 25. fxe3 f5 26. Ng5 Rd7 27. h3
h6 28. Nf3 g5 29. Nd2 f4 30. exf4 exf4 31. Nf3 Re8 32. Nd4 Nc5 33. Re1 Rde7 34.
Rxe7+ Rxe7 35. Rd1 a6 36. Nf5 Re6 37. Nd4 Re3 38. Nf5 Re6 39. Rd4 Re2+ 40. Rd2
Re6 41. Rd4 Re2+ 42. Rd2 Re6 1/2-1/2

[Event "XXV OOM - Mistrzostwa Polski Juniorow Mlodszych - Dziewczeta do lat 14"]
[Site "Sielpia"]
[Date "1899-12-30"]
[Round "1.23"]
[White "Arciszewska, Zuzanna"]
[Black "Pacho, Maria"]
[Result "0-1"]
[WhiteTitle "I"]
[BlackTitle "II"]
[WhiteElo "1370"]
[BlackElo "1166"]

1. d4 Nf6 2. c4 g6 3. Nf3 Bg7 4. Nc3 O-O 5. e4 d6 6. Be3 Nbd7 7. Be2 e5 8. O-O
h6 9. dxe5 Nxe5 10. Nxe5 dxe5 11. Qc2 c6 12. b4 Be6 13. Rfd1 Qc7 14. b5 Ng4 15.
Bc5 Rfe8 16. h3 Nf6 17. Bd6 Qc8 18. Kh2 h5 19. c5 Nd7 20. bxc6 bxc6 21. Qa4 a6
22. Bc4 Bf8 23. Bxf8 Nxf8 24. Rd6 Bxc4 25. Qxc4 Re6 26. Rad1 Qb7 27. Rb1 Qc7 28.
Rd2 a5 29. Rb6 Nd7 30. Rb1 Nf8 31. Na4 Rd8 32. Rbd1 Rb8 33. Rd6 Rb4 34. Qc2 Qe7
35. Nb6 Qf6 36. Rxe6 Nxe6 37. f3 Qf4+ 38. Kh1 Qe3 39. Nd7 Nd4 40. Qd3 Qf4 41.
Rf1 Rb2 42. Qa6 Qg3 43. Qc8+ Kh7 44. Nf6+ Kg7 45. Ne8+ Kh6 46. Rg1 Nxf3 47. gxf3
Rh2# 0-1

[Event "XXV OOM - Mistrzostwa Polski Juniorow Mlodszych - Dziewczeta do lat 14"]
[Site "Sielpia"]
[Date "1899-12-30"]
[Round "1.24"]
[White "Maslewska, Anna"]
[Black "Bugaj, Hanna"]
[Result "1-0"]
[WhiteTitle "I"]
[BlackTitle "I"]
[WhiteElo "1117"]
[BlackElo "1363"]

1. e4 e6 2. d4 d5 3. Nc3 Nf6 4. Bg5 dxe4 5. Nxe4 Be7 6. Nxf6+ Bxf6 7. Bxf6 Qxf6
8. Nf3 Nd7 9. Qd3 O-O 10. Be2 e5 11. dxe5 Nxe5 12. Nxe5 Qxe5 13. O-O-O Be6 14.
Kb1 c5 15. Bf3 c4 16. Qd4 Qa5 17. a3 Rab8 18. Qd2 Qa6 19. Qd6 b6 20. Bd5 Rbd8
21. Qxd8 Bg4 22. f3 c3 23. Bxf7+ Kxf7 24. Qc7+ Kg8 25. fxg4 cxb2 26. Qc3 Rc8 27.
Qxb2 b5 28. Qb4 Qg6 29. Qb3+ Kh8 30. Rd4 a5 31. Rhd1 Qb6 32. Rd6 Qb8 33. Qd3 Rg8
34. Rd8 1-0